| 000 | 00582nam a2200205Ia 4500 | ||
|---|---|---|---|
| 005 | 20250508164546.0 | ||
| 008 | 008 250505s9999 xx 000 0 eng d | ||
| 020 | _a1-85728-133-0 | ||
| 037 | _aTextual | ||
| 040 |
_aFEDL _beng _cFEDL |
||
| 041 |
_aeng _2eng |
||
| 084 |
_a370.99676, BOG _qFEDL |
||
| 100 |
_aBogonko Sorobea N _9778451 |
||
| 245 | 0 | _aReflections on education in East Africa | |
| 260 |
_aNairobi, Kenya _bOxford University Press _c1992 |
||
| 300 | _a326p. | ||
| 546 | _aMACESE | ||
| 942 |
_cTEXL _h370.99676, BOG |
||
| 999 |
_c1389787 _d1389787 |
||